|
|
|
|
| LEADER |
01678nam a2200481 i 4500 |
| 001 |
nkc20172904605 |
| 003 |
CZ PrNK |
| 005 |
20170719085848.0 |
| 007 |
ta |
| 008 |
170622t20172017xr a b 000 f cze |
| 015 |
|
|
|a cnb002904605
|
| 020 |
|
|
|a 978-80-7546-103-2
|q (vázáno)
|
| 035 |
|
|
|a (OCoLC)1000516111
|
| 040 |
|
|
|a BOA001
|b cze
|e rda
|
| 072 |
|
7 |
|a 395
|x Společenské chování. Etiketa
|2 Konspekt
|9 1
|
| 072 |
|
7 |
|a 0/9-053.2
|x Literatura pro děti a mládež (naučná)
|2 Konspekt
|9 26
|
| 080 |
|
|
|a 395
|2 MRF
|
| 080 |
|
|
|a 37.034
|2 MRF
|
| 080 |
|
|
|a (0:82-34)
|2 MRF
|
| 080 |
|
|
|a (0.053.2)
|2 MRF
|
| 100 |
1 |
|
|a Stoličný, Peter,
|d 1945-
|7 xx0001345
|4 aut
|
| 245 |
1 |
0 |
|a Dobrý den, opičko :
|b veselé pohádky o slušném chování /
|c Peter Stoličný ; ilustrovala Sabína Liptáková
|
| 250 |
|
|
|a První vydání
|
| 264 |
|
1 |
|a [Praha] :
|b Fortuna Libri,
|c [2017]
|
| 264 |
|
4 |
|c ©2017
|
| 300 |
|
|
|a 121 stran :
|b barevné ilustrace ;
|c 25 cm
|
| 336 |
|
|
|a text
|b txt
|2 rdacontent
|
| 337 |
|
|
|a bez média
|b n
|2 rdamedia
|
| 338 |
|
|
|a svazek
|b nc
|2 rdacarrier
|
| 650 |
0 |
7 |
|a etiketa
|7 ph125923
|2 czenas
|
| 650 |
0 |
7 |
|a etická výchova
|7 ph120004
|2 czenas
|
| 650 |
0 |
9 |
|a etiquette
|2 eczenas
|
| 650 |
0 |
9 |
|a ethical education
|2 eczenas
|
| 655 |
|
7 |
|a pohádky
|7 fd133054
|2 czenas
|
| 655 |
|
7 |
|a publikace pro děti
|7 fd133156
|2 czenas
|
| 655 |
|
9 |
|a fairy tales
|2 eczenas
|
| 655 |
|
9 |
|a children's literature
|2 eczenas
|
| 700 |
1 |
|
|a Liptáková, Sabína,
|d 1985-
|7 kv2017957899
|4 ill
|
| 910 |
2 |
|
|a BOA001
|b 2-1390.777
|
| 990 |
|
|
|a BK
|
| 995 |
|
|
|a 01
|
| 991 |
|
|
|b 201707
|c NOV
|
| 996 |
6 |
|
|b 2610712464
|c 2-1390.777
|l MZK
|r Sklad / do 1 hodiny
|n 1
|p p.v.
|w 001618017
|u 000010
|a 1
|e BOA001
|j MZK50
|s P
|